Vēmanapadya. (Record no. 59165)

MARC details
000 -LEADER
fixed length control field 00683cam a22002291 4500
001 - CONTROL NUMBER
control field sa 64005535
003 - CONTROL NUMBER IDENTIFIER
control field DLC
005 - DATE AND TIME OF LATEST TRANSACTION
control field 20260227112033.0
008 - FIXED-LENGTH DATA ELEMENTS--GENERAL INFORMATION
fixed length control field 890719s1962 ii c 000 0 sano
010 ## - LIBRARY OF CONGRESS CONTROL NUMBER
LC control number sa 64005535
035 ## - SYSTEM CONTROL NUMBER
System control number (OCoLC)20037019
040 ## - CATALOGING SOURCE
Original cataloging agency DLC
Transcribing agency WaU
Modifying agency DLC
041 0# - LANGUAGE CODE
Language code of text/sound track or separate title santel
042 ## - AUTHENTICATION CODE
Authentication code premarc
050 00 - LIBRARY OF CONGRESS CALL NUMBER
Classification number PL4780.9.V38
Item number V4
100 0# - MAIN ENTRY--PERSONAL NAME
Personal name Vēmana.
245 10 - TITLE STATEMENT
Title Vēmanapadya.
Remainder of title Vemanapadyamulu in Sanskrit slokas.
Statement of responsibility, etc. By S. N. Srirama Desikan. With a foreword by M. Ananthasayanam Ayyangar.
260 ## - PUBLICATION, DISTRIBUTION, ETC.
Place of publication, distribution, etc. [Madras?]
Date of publication, distribution, etc. 1962.
300 ## - PHYSICAL DESCRIPTION
Extent ii, 6, 40, 59 p.
Other physical details ports.
Dimensions 19 cm.
500 ## - GENERAL NOTE
General note Includes original Telugu text.
700 2# - ADDED ENTRY--PERSONAL NAME
Personal name Srirama Desikan, S. N.

No items available.

Powered by Koha